zpět

Detail výsledku týmu

Záložna ÚT, Pardubice

Datum a čas kvízu

40 Celkem bodů Celkový počet nahraných bodů na tomto kvízu bez doplňovacích otázek.
6. Pořadí na kvízu Konečné umístění týmu na tomto kvízu.

Zaznamenané odpovědi

# Otázka Odpověď Body Výsledky
1. Národní protidrogový koordinát... Pavel Bém 1
2. Dva albínští buvoli z Bangladé... Donald Trump, Benjamin Netanjahu 1
3. České herní vývojářské studio... Pána prstenů (Středozemě) 1
4. Ve Francii se vydražil kus jej... A 1
5. Baník Ostrava se udržel v lize... Všechny byly vlastní. 1
6. Téma začneme blbounem nejapným... Nizozemci (Holanďané) 0
7. Na které fotografii je ločidlo... B) 0
8. Pro označení kohouta můžeme v... cock 1
9. U angličtiny ještě zůstaneme.... sýkora koňadra 1
10. Poslední název je spíše roztom... střevíčník pantoflíček 0